01150nam a2200253 i 4500001000700000003000900007005001700016007000300033008004100036100003100077245016400108260004500272300002000317490009500337505002000432546002200452650004600474700002900520710008400549830010400633852002000737999001900757952012000776109937ES-MaACL20240514180304.0t|061121s1955 mr r ||||1| spa d1 aMurir, Muhammad el-94690210aHistoria de los tribunales del Islam / cpor Sidi Mohamed El Murir ; lo presenta, texto árabe con prólogo, notas, comentarios e índices, Alfredo Bustani. aTetuán : bEditora Marroquí, c1955. a1 v. ; c26 cm.1 aInstituto General Franco de Estudios e Investigación Hispano-Arabe . Sección 1ª ; v78 aContiene: T. II aTexto en árabe. 4aTribunales musulmanes-vHistoria.91685241 aBustani, Alfredo.9328882 aInstituto General Franco de Estudios e Investigación Hispano-Árabe.91491970 aPublicaciones del Instituto General Franco de Estudios e Investigación Hispano-Árabev79231057 aES-MaACLjP-996 c109937d109937 00104070aATENEOMbATENEOMcDEPO2d2008-01-17eSCl0oP-996p1114703r2023-02-23 00:00:00w2023-02-23yMONOGRAFIA